[Event "5th Budapest Open"]
[Site "Budapest"]
[Date "2015.08.21"]
[Round "7.2"]
[White "Bulthaupt, Freerk dr"]
[Black "Meszaros, Andras"]
[Result "0-1"]
[WhiteElo "2176"]
[BlackElo "2246"]
[PlyCount "74"]
[EventDate "2014.08.15"]
[EventType "swiss"]
[EventRounds "9"]
[EventCountry "HUN"]

1. d4 d5 2. Nf3 c5 3. e3 Nf6 4. c4 e6 5. dxc5 Bxc5 6. a3 O-O 7. b4 Bb6 8. Bb2
Nc6 9. Nc3 Qe7 10. Be2 Rd8 11. Qc2 dxc4 12. Bxc4 Bd7 13. O-O Rac8 14. Qe2 Be8
15. Rfd1 h6 16. Rxd8 Rxd8 17. Rd1 Bc7 18. h3 a5 19. b5 Ne5 20. Nxe5 Bxe5 21.
Rxd8 Qxd8 22. Qd3 Qxd3 23. Bxd3 Nd5 24. Nd1 Bd6 25. Kf1 Kf8 26. Ke2 f6 27. Kd2
Ke7 28. Nc3 Nxc3 29. Bxc3 a4 30. Be4 Bxb5 31. Bxb7 Bxa3 32. Kc2 Kd6 33. g4 Bc5
34. h4 e5 35. g5 fxg5 36. hxg5 hxg5 37. Be4 Bc4 0-1

[Event "5th Budapest Open"]
[Site "Budapest"]
[Date "2015.08.21"]
[Round "7.3"]
[White "Boguszlavszkij, Jevgenyij"]
[Black "Farago, Sandor"]
[Result "0-1"]
[WhiteElo "2199"]
[BlackElo "2256"]
[PlyCount "80"]
[EventDate "2014.08.15"]
[EventType "swiss"]
[EventRounds "9"]
[EventCountry "HUN"]

1. e4 c5 2. d3 Nc6 3. g3 g6 4. Bg2 Bg7 5. f4 e6 6. Nf3 Nge7 7. O-O d6 8. c3 b6
9. Nh4 Qd7 10. f5 exf5 11. exf5 Be5 12. Be3 Ba6 13. f6 Ng8 14. Qa4 Bb7 15. Bg5
O-O-O 16. Nd2 h6 17. Bf4 Bxf4 18. gxf4 Nxf6 19. Nhf3 Rhe8 20. Ne4 Nd5 21. Nfd2
Re7 22. Nc4 Qc7 23. f5 g5 24. f6 Ree8 25. Rae1 Kb8 26. Nxg5 Rxe1 27. Rxe1 Nf4
28. Nf3 Rg8 29. Ne3 Nxg2 30. Nxg2 Ne5 31. Nfh4 Bxg2 32. Nxg2 Nf3+ 33. Kf2 Nxe1
34. Nxe1 d5 35. Qh4 Rg6 36. Nf3 Qd6 37. d4 Rxf6 38. Ke2 Qf4 39. Qh3 Qe4+ 40.
Kf2 cxd4 0-1

[Event "5th Budapest Open"]
[Site "Budapest"]
[Date "2015.08.21"]
[Round "7.4"]
[White "Gumanny, Evgeny"]
[Black "Kokeny, Norbert Adrian"]
[Result "1-0"]
[WhiteElo "2093"]
[BlackElo "2123"]
[PlyCount "115"]
[EventDate "2014.08.15"]
[EventType "swiss"]
[EventRounds "9"]
[EventCountry "HUN"]

1. d4 Nf6 2. Nf3 e6 3. c4 Bb4+ 4. Bd2 c5 5. g3 b6 6. Bg2 Bb7 7. O-O O-O 8. Bg5
cxd4 9. Nxd4 Bxg2 10. Kxg2 h6 11. Bxf6 Qxf6 12. Qd3 Nc6 13. Rd1 Bc5 14. e3 Ne5
15. Qe2 Rac8 16. Nd2 Qe7 17. N2f3 Nc6 18. Nxc6 Rxc6 19. Rd3 d6 20. a3 a5 21. b3
e5 22. Rd5 Qe6 23. Qd2 e4 24. Ng1 Ra8 25. Ra2 Rcc8 26. Ne2 Qf6 27. Nc3 Qf3+ 28.
Kg1 f5 29. Qd1 Qxd1+ 30. Rxd1 Ra7 31. Nb5 Rd7 32. Rd5 g6 33. Rb2 h5 34. b4 axb4
35. axb4 Bxe3 36. fxe3 Rxc4 37. Nxd6 Rc1+ 38. Kf2 Rh1 39. Kg2 Re1 40. Nxe4 Re7
41. Nf6+ Kg7 42. Nd7 b5 43. Rb3 Kf7 44. Ne5+ Kf6 45. Nf3 Re2+ 46. Kf1 Rc2 47.
Rd2 Rc4 48. Nd4 Kg5 49. h4+ Kg4 50. Kg2 g5 51. hxg5 Kxg5 52. Kf3 Re4 53. Rdb2
Re5 54. Rc2 Re8 55. Rxc4 bxc4 56. Rc3 Rc8 57. Ne6+ Kf6 58. Nc5 1-0

[Event "5th Budapest Open"]
[Site "Budapest"]
[Date "2015.08.21"]
[Round "7.5"]
[White "Brustkern, Juergen"]
[Black "Csapo, Zoltan"]
[Result "1/2-1/2"]
[WhiteElo "2236"]
[BlackElo "2236"]
[PlyCount "101"]
[EventDate "2014.08.15"]
[EventType "swiss"]
[EventRounds "9"]
[EventCountry "HUN"]

1. c4 Nf6 2. Nc3 g6 3. e4 Bg7 4. d4 d6 5. f4 c5 6. d5 e6 7. dxe6 Bxe6 8. Nf3
Nc6 9. Bd3 O-O 10. f5 Bc8 11. O-O Ne5 12. Bg5 h6 13. Bh4 g5 14. Nxe5 dxe5 15.
Bf2 b6 16. Qe2 Bb7 17. Rad1 Qe7 18. h4 Nh7 19. hxg5 Qxg5 20. Qe1 Bf6 21. Be3
Qg7 22. Rf3 Kh8 23. Rg3 Bg5 24. Bf1 Rad8 25. Bxg5 Nxg5 26. Nd5 Bxd5 27. cxd5
Qf6 28. Rc1 Rc8 29. Ba6 Rb8 30. Qe2 Rg8 31. Rd1 Qd6 32. b3 Rg7 33. Re1 Rbg8 34.
Kf1 Qf6 35. Rd1 Qd6 36. Rg4 f6 37. Bb5 Nf7 38. Rxg7 Kxg7 39. a4 Kf8 40. a5 Ke7
41. Ra1 Rb8 42. Qc4 Kf8 43. Ke2 bxa5 44. Rxa5 Qb6 45. Qc3 Nd6 46. Bd3 Qxb3 47.
Qxc5 Qb4 48. Qxb4 Rxb4 49. Rxa7 Nxe4 50. Ke3 Nc5 51. Be2 1/2-1/2

[Event "5th Budapest Open"]
[Site "Budapest"]
[Date "2015.08.21"]
[Round "7.6"]
[White "Markos, Adam"]
[Black "Arellano Pardo, Martin"]
[Result "1-0"]
[WhiteElo "2146"]
[BlackElo "1912"]
[PlyCount "87"]
[EventDate "2014.08.15"]
[EventType "swiss"]
[EventRounds "9"]
[EventCountry "HUN"]

1. e4 Nf6 2. e5 Nd5 3. d4 d6 4. Nf3 c6 5. c4 Nc7 6. Be2 g6 7. O-O Bg7 8. Nc3
O-O 9. Be3 dxe5 10. Nxe5 Ne6 11. f4 Qc7 12. Qb3 Rd8 13. c5 Rf8 14. a4 Nd8 15.
Bc4 Nd7 16. Ne4 Nxe5 17. fxe5 Be6 18. Ng5 Bxc4 19. Qxc4 Qd7 20. Rf3 Qd5 21.
Qxd5 cxd5 22. Nh3 Ne6 23. b4 f6 24. exf6 exf6 25. Nf4 Ng5 26. Rff1 Rfd8 27. b5
Rac8 28. a5 Rd7 29. a6 Ne4 30. Rfb1 g5 31. axb7 Rxb7 32. Nxd5 Rcb8 33. c6 Rxb5
34. Rxb5 Rxb5 35. c7 Nd6 36. Ne7+ Kf8 37. c8=Q+ Nxc8 38. Nxc8 a5 39. Na7 Rb3
40. Bf2 a4 41. g4 f5 42. Rxa4 fxg4 43. Ra5 h6 44. Nc6 1-0

[Event "5th Budapest Open"]
[Site "Budapest"]
[Date "2015.08.21"]
[Round "7.7"]
[White "Vargyas, Zoltan"]
[Black "Juhasz, Bela"]
[Result "0-1"]
[WhiteElo "2089"]
[BlackElo "2134"]
[PlyCount "100"]
[EventDate "2014.08.15"]
[EventType "swiss"]
[EventRounds "9"]
[EventCountry "HUN"]

1. e4 e6 2. d4 d5 3. Nc3 Bb4 4. e5 c5 5. dxc5 Nc6 6. Nf3 Nge7 7. Bd3 Ng6 8. Qe2
Bxc5 9. O-O a6 10. Re1 Nb4 11. Bg5 Be7 12. Bxe7 Qxe7 13. Qe3 Bd7 14. Rac1 O-O
15. Qb6 Rab8 16. Bf1 Rfc8 17. g3 Be8 18. h4 h6 19. a3 Nc6 20. Bh3 Qc7 21. Qxc7
Rxc7 22. h5 Nge7 23. Ne2 Na5 24. b3 Rbc8 25. Nfd4 Bd7 26. f4 Nac6 27. c3 Na5
28. Kf2 Nec6 29. Nxc6 Rxc6 30. Rb1 R6c7 31. Ke3 Kf8 32. Rec1 Bb5 33. c4 dxc4
34. b4 Nb3 35. Rc3 Ke7 36. f5 Bd7 37. Nf4 b5 38. Bg4 a5 39. fxe6 Bxe6 40. Bxe6
fxe6 41. bxa5 Rc5 42. a6 Rxe5+ 43. Kf2 Nd2 44. Ng6+ Ke8 45. Nxe5 Nxb1 46. Rc1
Nxa3 47. a7 Ra8 48. Nc6 Kd7 49. Nb4 Rxa7 50. Ra1 Ra4 0-1

[Event "5th Budapest Open"]
[Site "Budapest"]
[Date "2015.08.21"]
[Round "7.8"]
[White "Erdos, Boglarka"]
[Black "Palla, Akos Botond"]
[Result "1/2-1/2"]
[WhiteElo "2175"]
[BlackElo "2064"]
[PlyCount "106"]
[EventDate "2014.08.15"]
[EventType "swiss"]
[EventRounds "9"]
[EventCountry "HUN"]

1. Nf3 d5 2. g3 Nf6 3. Bg2 c6 4. O-O Bg4 5. c4 e6 6. cxd5 exd5 7. d3 Qb6 8. Nc3
Be7 9. h3 Bh5 10. g4 Bg6 11. Ne5 O-O 12. e4 dxe4 13. dxe4 Rd8 14. Qe2 Nfd7 15.
Nxg6 hxg6 16. g5 Ne5 17. Be3 Qa6 18. Qc2 Nc4 19. Bf4 Nd7 20. Rfd1 Nc5 21. h4
Ne6 22. Bh2 Nd4 23. Qa4 Ne2+ 24. Kh1 Rxd1+ 25. Rxd1 Nxb2 26. Qxa6 bxa6 27. Rd7
Nxc3 28. Rxe7 Rd8 29. Be5 Ncd1 30. Kg1 Nd3 31. Bg3 c5 32. Rc7 Nc3 33. Kh2 Nxa2
34. e5 Nab4 35. e6 fxe6 36. Be4 Nd5 37. Rxa7 N5f4 38. Rxa6 e5 39. Ra3 c4 40.
Rc3 Rd4 41. Bc6 Kf8 42. Bb5 Nb2 43. Bxf4 exf4 44. Rc2 Nd3 45. Bxc4 Ne5 46. Be6
Ke7 47. Bc8 Rc4 48. Rxc4 Nxc4 49. Kg2 Ne5 50. f3 Kd6 51. Bb7 Kc5 52. Be4 Kd4
53. Kf2 Kc3 1/2-1/2

[Event "5th Budapest Open"]
[Site "Budapest"]
[Date "2015.08.21"]
[Round "7.9"]
[White "Karacsonyi, Gellert"]
[Black "Koczo, Kristof"]
[Result "1/2-1/2"]
[WhiteElo "2013"]
[BlackElo "2193"]
[PlyCount "85"]
[EventDate "2014.08.15"]
[EventType "swiss"]
[EventRounds "9"]
[EventCountry "HUN"]

1. e4 c6 2. d4 d5 3. exd5 cxd5 4. Bd3 Nc6 5. c3 g6 6. Nf3 Nh6 7. O-O Bf5 8. Bf4
Bxd3 9. Qxd3 Nf5 10. Re1 Bg7 11. Nbd2 O-O 12. Nb3 b6 13. Ne5 Nxe5 14. Bxe5 Bxe5
15. dxe5 e6 16. Nd4 Nxd4 17. cxd4 Rc8 18. Qd2 Qd7 19. b3 Rc6 20. Rac1 Rfc8 21.
Kf1 Qc7 22. Rxc6 Qxc6 23. Ke2 Qc2 24. f3 Kg7 25. Rd1 a5 26. Qxc2 Rxc2+ 27. Rd2
Rxd2+ 28. Kxd2 b5 29. Ke3 Kh6 30. Kf4 Kh5 31. Kg3 g5 32. f4 gxf4+ 33. Kxf4 b4
34. g3 Kg6 35. g4 Kh6 36. h4 Kg6 37. g5 Kg7 38. Kg3 Kg8 39. Kg4 Kf8 40. h5 Kg8
41. h6 Kf8 42. Kh4 Ke7 43. Kg4 1/2-1/2

[Event "5th Budapest Open"]
[Site "Budapest"]
[Date "2015.08.21"]
[Round "7.10"]
[White "Heyl, Thomas"]
[Black "Kovacs, Istvan"]
[Result "0-1"]
[WhiteElo "1986"]
[BlackElo "2146"]
[PlyCount "80"]
[EventDate "2014.08.15"]
[EventType "swiss"]
[EventRounds "9"]
[EventCountry "HUN"]

1. c4 e5 2. g3 Nf6 3. Bg2 h6 4. Nc3 Bb4 5. Nd5 Nxd5 6. cxd5 O-O 7. Nf3 Re8 8.
O-O c6 9. Ne1 Qa5 10. Nc2 Bf8 11. Ne3 Na6 12. d3 Nc7 13. Bd2 Qa6 14. a4 Bc5 15.
Qb3 d6 16. Qc4 Bxe3 17. Bxe3 Nxd5 18. Bxd5 cxd5 19. Qxd5 Bd7 20. Qc4 Qa5 21. b4
Qd8 22. b5 Be6 23. Qb4 d5 24. a5 d4 25. Bd2 Qd5 26. f3 Rac8 27. Rfc1 b6 28.
axb6 axb6 29. Rcb1 Rc5 30. Ra6 Rb8 31. Qa3 Bd7 32. Bb4 Rc2 33. Kf2 Bxb5 34. Ra7
Bc6 35. Ke1 Rxe2+ 36. Kxe2 Qxf3+ 37. Kd2 Qf2+ 38. Kc1 Ba4 39. Rb3 Rc8+ 40. Bc3
Bxb3 0-1

[Event "5th Budapest Open"]
[Site "Budapest"]
[Date "2015.08.21"]
[Round "7.11"]
[White "Horvath, Aron Balazs"]
[Black "Bakk, Zoltan"]
[Result "0-1"]
[WhiteElo "1788"]
[BlackElo "2051"]
[PlyCount "44"]
[EventDate "2014.08.15"]
[EventType "swiss"]
[EventRounds "9"]
[EventCountry "HUN"]

1. e4 e6 2. d4 d5 3. Nc3 Bb4 4. exd5 exd5 5. Bd3 c6 6. h3 Ne7 7. Nf3 Bf5 8. O-O
O-O 9. Re1 Bg6 10. Ne5 Nd7 11. Nxg6 Nxg6 12. Qf3 Qh4 13. a3 Bd6 14. Ne2 Rae8
15. Bf5 Nf6 16. g3 Rxe2 17. Rxe2 Qxd4 18. Qd3 Ne5 19. Qc3 Qd1+ 20. Re1 Nf3+ 21.
Kf1 Nxe1 22. Qxe1 Qf3 0-1

[Event "5th Budapest Open"]
[Site "Budapest"]
[Date "2015.08.21"]
[Round "7.12"]
[White "Mester, Attila"]
[Black "Yip, Michael"]
[Result "1-0"]
[WhiteElo "2025"]
[BlackElo "1927"]
[PlyCount "83"]
[EventDate "2014.08.15"]
[EventType "swiss"]
[EventRounds "9"]
[EventCountry "HUN"]

1. e4 d5 2. exd5 Qxd5 3. Nc3 Qd6 4. d4 Nf6 5. Nf3 g6 6. Nb5 Qb6 7. c4 c6 8. c5
Qd8 9. Nc3 Bg7 10. Bc4 O-O 11. O-O Bg4 12. Be3 Nd5 13. Nxd5 cxd5 14. Be2 Nc6
15. h3 Bxf3 16. Bxf3 e6 17. Qd2 b6 18. Rac1 bxc5 19. Rxc5 Qb6 20. Rfc1 Ne7 21.
b4 Nf5 22. a4 Nxe3 23. fxe3 Rfd8 24. Rc6 Qb8 25. b5 Bf8 26. e4 dxe4 27. Bxe4
Bd6 28. Rf1 a5 29. d5 e5 30. b6 Rd7 31. g4 Qf8 32. Qc3 Kg7 33. Kg2 f6 34. Qc4
Qb8 35. Qb5 Qb7 36. Rfc1 Kh6 37. Rc7 Rxc7 38. bxc7 Qc8 39. Rc6 Qf8 40. Qb6 Bb4
41. Rxf6 Qe7 42. Rxg6+ 1-0

[Event "5th Budapest Open"]
[Site "Budapest"]
[Date "2015.08.21"]
[Round "7.13"]
[White "Bensaid, Simon"]
[Black "Balogh, Lajos"]
[Result "1-0"]
[WhiteElo "1924"]
[BlackElo "2018"]
[PlyCount "57"]
[EventDate "2014.08.15"]
[EventType "swiss"]
[EventRounds "9"]
[EventCountry "HUN"]

1. e4 e5 2. Nf3 Nf6 3. Nxe5 d6 4. Nf3 Nxe4 5. Nc3 Nxc3 6. dxc3 Nc6 7. Be3 Be7
8. Qd2 Be6 9. Ng5 Bxg5 10. Bxg5 f6 11. Bh4 Qd7 12. O-O-O a6 13. Be2 O-O-O 14.
b3 Rhe8 15. Rhe1 Ne5 16. f4 Nc6 17. h3 Kb8 18. Bf3 Na7 19. Re3 Bf7 20. Rde1
Rxe3 21. Rxe3 Re8 22. Bf2 Nc8 23. Rxe8 Bxe8 24. Qe3 Bg6 25. g4 Qb5 26. c4 Qd7
27. Kb2 Bf7 28. Qe4 c6 29. Qxh7 1-0

[Event "5th Budapest Open"]
[Site "Budapest"]
[Date "2015.08.21"]
[Round "7.14"]
[White "Blazquez Criado, Sergio"]
[Black "Persanyi, Barnabas"]
[Result "1-0"]
[WhiteElo "1882"]
[BlackElo "2064"]
[PlyCount "59"]
[EventDate "2014.08.15"]
[EventType "swiss"]
[EventRounds "9"]
[EventCountry "HUN"]

1. e4 c5 2. Nf3 g6 3. d4 cxd4 4. Nxd4 Nc6 5. Nc3 Bg7 6. Be3 Nf6 7. Bc4 Qa5 8.
f3 Qb4 9. Bb3 Nxe4 10. Nxc6 Bxc3+ 11. bxc3 Qxc3+ 12. Ke2 dxc6 13. Bd4 e5 14.
Be3 b6 15. Qd3 Qxd3+ 16. Kxd3 Nd6 17. Bg5 Bf5+ 18. Kc3 Nb5+ 19. Kb2 O-O 20. Bf6
e4 21. g4 Be6 22. fxe4 Bxg4 23. h4 Be6 24. h5 Bxb3 25. axb3 Rfe8 26. Rh4 Re6
27. e5 Nc7 28. Rah1 Ne8 29. hxg6 Nxf6 30. exf6 1-0

[Event "5th Budapest Open"]
[Site "Budapest"]
[Date "2015.08.21"]
[Round "7.15"]
[White "Trajber, Csaba dr"]
[Black "Geher, Laszlo"]
[Result "1-0"]
[WhiteElo "2056"]
[BlackElo "1851"]
[PlyCount "57"]
[EventDate "2014.08.15"]
[EventType "swiss"]
[EventRounds "9"]
[EventCountry "HUN"]

1. e4 d6 2. d4 Nf6 3. Nc3 g6 4. f4 Bg7 5. Nf3 c5 6. d5 O-O 7. Be2 Qa5 8. O-O b5
9. e5 dxe5 10. fxe5 Ng4 11. Bg5 b4 12. Ne4 Re8 13. Bf4 Nd7 14. e6 fxe6 15. dxe6
Nf8 16. Nfg5 Nf6 17. Nxf6+ Bxf6 18. Qd5 Ba6 19. Bxa6 Bd4+ 20. Kh1 Qxa6 21. Rae1
Rad8 22. Qe4 Qxa2 23. b3 Qb2 24. Rf3 Bg7 25. Nf7 Rd4 26. Qe2 Rd5 27. Be5 Bxe5
28. Nxe5 Qd4 29. Rd3 1-0

[Event "5th Budapest Open"]
[Site "Budapest"]
[Date "2015.08.21"]
[Round "7.16"]
[White "Schatzer, Andras"]
[Black "Kozma, Gabor"]
[Result "1/2-1/2"]
[WhiteElo "1809"]
[BlackElo "2008"]
[PlyCount "85"]
[EventDate "2014.08.15"]
[EventType "swiss"]
[EventRounds "9"]
[EventCountry "HUN"]

1. Nf3 c5 2. g3 Nc6 3. Bg2 Nf6 4. c4 d5 5. cxd5 Qxd5 6. Nc3 Qd7 7. O-O e5 8. d3
Be7 9. Qa4 O-O 10. Be3 Rb8 11. Ne4 Nxe4 12. Qxe4 Qe6 13. Ng5 Bxg5 14. Bxg5 Nd4
15. e3 Nc6 16. d4 cxd4 17. exd4 Nxd4 18. Be3 Nc6 19. Qa4 Bd7 20. Qh4 a6 21.
Rfd1 Qg4 22. Qxg4 Bxg4 23. f3 Be6 24. Bb6 f5 25. Rd6 Rf6 26. a3 f4 27. gxf4
exf4 28. Re1 Kf7 29. Bf1 Bf5 30. Rxf6+ Kxf6 31. Bc7 Rc8 32. Bxf4 g5 33. Be3 Rd8
34. Kf2 h5 35. Be2 Bd3 36. Rg1 g4 37. fxg4 Bxe2 38. Kxe2 hxg4 39. Rxg4 Re8 40.
Kf2 Ne5 41. Rf4+ Ke6 42. Ke2 Rh8 43. h4 1/2-1/2

[Event "5th Budapest Open"]
[Site "Budapest"]
[Date "2015.08.21"]
[Round "7.17"]
[White "Zoldy, Robert"]
[Black "Sergyan, Gyula Zoltan"]
[Result "1/2-1/2"]
[WhiteElo "1978"]
[BlackElo "1585"]
[PlyCount "35"]
[EventDate "2014.08.15"]
[EventType "swiss"]
[EventRounds "9"]
[EventCountry "HUN"]

1. e4 d6 2. d4 Nf6 3. Nc3 g6 4. f4 Bg7 5. Nf3 O-O 6. Bd3 Nbd7 7. Be3 Ng4 8. Bg1
c5 9. h3 cxd4 10. Nxd4 e5 11. hxg4 exd4 12. Nd5 Re8 13. Qd2 Nc5 14. O-O-O Nxe4
15. Bxe4 Rxe4 16. Qd3 Re8 17. Bxd4 Bxg4 18. Rxh7 1/2-1/2

[Event "5th Budapest Open"]
[Site "Budapest"]
[Date "2015.08.21"]
[Round "7.18"]
[White "Ongut, Tamas Gunes"]
[Black "Liptak, Tibor"]
[Result "1-0"]
[WhiteElo "1883"]
[BlackElo "1833"]
[PlyCount "59"]
[EventDate "2014.08.15"]
[EventType "swiss"]
[EventRounds "9"]
[EventCountry "HUN"]

1. e4 e5 2. Nf3 Nc6 3. Bc4 Bc5 4. c3 Nf6 5. d4 exd4 6. cxd4 Bb4+ 7. Bd2 Nxe4 8.
Bxb4 Nxb4 9. Bxf7+ Kxf7 10. Qb3+ d5 11. Qxb4 Re8 12. O-O Qd6 13. Qb3 c6 14.
Ne5+ Kg8 15. f3 Nf6 16. Nc3 b6 17. a4 Bd7 18. f4 a5 19. Rf3 Qb4 20. Ne2 Bg4 21.
Qxb4 axb4 22. Re3 c5 23. b3 Bf5 24. Rc1 Rac8 25. a5 c4 26. axb6 Bd3 27. Ng3 Rb8
28. Kf2 Rxb6 29. h3 Rc8 30. Nxd3 1-0

[Event "5th Budapest Open"]
[Site "Budapest"]
[Date "2015.08.21"]
[Round "7.19"]
[White "Horvath, Csaba3"]
[Black "Lesar, David"]
[Result "0-1"]
[WhiteElo "1823"]
[BlackElo "1882"]
[PlyCount "86"]
[EventDate "2014.08.15"]
[EventType "swiss"]
[EventRounds "9"]
[EventCountry "HUN"]

1. d4 f5 2. e4 fxe4 3. Nc3 Nf6 4. Bg5 g6 5. Bxf6 exf6 6. Nxe4 d5 7. Ng3 Be6 8.
Bd3 Nc6 9. c3 Bh6 10. Nf5 Bxf5 11. Bxf5 Qe7+ 12. Kf1 O-O 13. Qg4 Rae8 14. Bd7
f5 15. Qh3 Qxd7 16. Qxh6 Nxd4 17. g3 Qb5+ 18. Kg2 Nc2 19. Nh3 Nxa1 20. Ng5 Qd7
21. Rxa1 Qg7 22. Qxg7+ Kxg7 23. Rd1 c6 24. Rd2 Rf6 25. f4 Rd6 26. c4 b6 27. b4
d4 28. c5 bxc5 29. bxc5 Rd5 30. a4 d3 31. Kf2 h6 32. Nf3 Re2+ 33. Rxe2 dxe2 34.
Ne5 Rxc5 35. Kxe2 Rxe5+ 36. fxe5 Kf7 37. Kd3 Ke6 38. Kd4 g5 39. a5 f4 40. gxf4
gxf4 41. Ke4 f3 42. Kxf3 Kxe5 43. Ke3 Kd5 0-1

[Event "5th Budapest Open"]
[Site "Budapest"]
[Date "2015.08.21"]
[Round "7.20"]
[White "Cruz Guerra, Samuel"]
[Black "Abraham, Lajos"]
[Result "1-0"]
[WhiteElo "1904"]
[BlackElo "1781"]
[PlyCount "107"]
[EventDate "2014.08.15"]
[EventType "swiss"]
[EventRounds "9"]
[EventCountry "HUN"]

1. e4 e5 2. Nc3 a6 3. a4 Nc6 4. Bc4 Nf6 5. d3 h6 6. Be3 Bb4 7. h3 d5 8. exd5
Nxd5 9. Qf3 Bxc3+ 10. bxc3 Be6 11. Bd2 Qd7 12. Ne2 Nde7 13. Bxe6 Qxe6 14. O-O
O-O 15. g4 Qd5 16. Qxd5 Nxd5 17. c4 Ndb4 18. Rac1 a5 19. f4 Nd4 20. Nxd4 exd4
21. f5 f6 22. Bf4 Rac8 23. Rfe1 Kf7 24. Re4 Nc6 25. Rce1 Rfd8 26. R1e2 Rd7 27.
Bd2 b6 28. Kf2 Nb4 29. Bc1 Nc6 30. Bf4 Nb8 31. Bc1 c5 32. Re6 Nc6 33. Bf4 Re7
34. Ke1 Rce8 35. Bc7 Rxe6 36. fxe6+ Rxe6 37. Bxb6 Rxe2+ 38. Kxe2 Ke6 39. Bxc5
f5 40. c3 dxc3 41. d4 Kf6 42. d5 Nb8 43. Bd4+ Kg6 44. Bxc3 fxg4 45. hxg4 Kf7
46. Bxa5 g6 47. Kd3 h5 48. gxh5 gxh5 49. Be1 Ke8 50. c5 Kd7 51. Kc4 Na6 52. Bg3
Kc8 53. c6 Kd8 54. d6 1-0

[Event "5th Budapest Open"]
[Site "Budapest"]
[Date "2015.08.21"]
[Round "7.21"]
[White "Rabovszky, Gyorgy"]
[Black "Szlenka, Attila"]
[Result "1-0"]
[WhiteElo "1886"]
[BlackElo "1765"]
[PlyCount "83"]
[EventDate "2014.08.15"]
[EventType "swiss"]
[EventRounds "9"]
[EventCountry "HUN"]

1. e4 c5 2. Nc3 Nc6 3. f4 g6 4. Nf3 Bg7 5. Bc4 d6 6. d3 Nf6 7. e5 dxe5 8. fxe5
Ng4 9. e6 f6 10. Bf4 O-O 11. Qd2 a6 12. O-O Nd4 13. h3 Nxf3+ 14. Rxf3 Qd4+ 15.
Kh1 Ne5 16. Bxe5 Qxe5 17. Re1 Qd6 18. Bd5 Rb8 19. Qf4 Qxf4 20. Rxf4 Rd8 21. Bb3
Kh8 22. Nd5 Re8 23. Nb6 Bh6 24. Rc4 Bd2 25. Re2 Ba5 26. Nd7 b5 27. Rxc5 Rb7 28.
Rd5 Rc7 29. c3 Bb7 30. Rc5 Rec8 31. d4 Kg7 32. Rxc7 Rxc7 33. d5 Bc8 34. Nb8 Kf8
35. d6 Rb7 36. Nc6 Bb6 37. Nxe7 Rxe7 38. dxe7+ Kxe7 39. a4 Bb7 40. axb5 axb5
41. Rd2 Bc8 42. Rd5 1-0

[Event "5th Budapest Open"]
[Site "Budapest"]
[Date "2015.08.21"]
[Round "7.22"]
[White "Rinyu, Janos"]
[Black "Zsatkovics, Endre"]
[Result "0-1"]
[WhiteElo "1845"]
[BlackElo "1748"]
[PlyCount "72"]
[EventDate "2014.08.15"]
[EventType "swiss"]
[EventRounds "9"]
[EventCountry "HUN"]

1. d4 Nf6 2. Bf4 d6 3. e3 g6 4. Nf3 Bg7 5. Be2 O-O 6. O-O Nh5 7. Bg5 Nd7 8.
Nbd2 h6 9. Bh4 g5 10. Ne1 Nhf6 11. Bg3 e5 12. c3 Nd5 13. Qb3 N7b6 14. dxe5 dxe5
15. Rd1 Qe7 16. Bf3 c6 17. Nd3 Kh8 18. c4 Nc7 19. e4 Na6 20. Qc3 Na4 21. Qc2
N4c5 22. Nxc5 Nxc5 23. b4 Ne6 24. Qc3 Nd4 25. c5 g4 26. Qe3 gxf3 27. gxf3 Bh3
28. Rfe1 Nc2 29. Qc3 Nxe1 30. Rxe1 b5 31. cxb6 axb6 32. Nc4 Qg5 33. Kh1 Rad8
34. Nxe5 Qd2 35. Qxd2 Rxd2 36. Rg1 c5 0-1

[Event "5th Budapest Open"]
[Site "Budapest"]
[Date "2015.08.21"]
[Round "7.23"]
[White "Lakatos, Tamas"]
[Black "Rajcsanyi, Peter"]
[Result "1-0"]
[WhiteElo "1533"]
[BlackElo "1820"]
[PlyCount "97"]
[EventDate "2014.08.15"]
[EventType "swiss"]
[EventRounds "9"]
[EventCountry "HUN"]

1. e4 c5 2. Nf3 d6 3. Bb5+ Nd7 4. d4 cxd4 5. Qxd4 e5 6. Qd3 a6 7. Bxd7+ Bxd7 8.
O-O h6 9. c4 Nf6 10. Nc3 Be7 11. b3 O-O 12. a4 b6 13. Ba3 Bc6 14. Rfd1 Ne8 15.
Qe3 Qb8 16. Nxe5 Qc7 17. Nxc6 Qxc6 18. Nd5 Bd8 19. e5 Ra7 20. exd6 Nxd6 21. Nb4
Qc7 22. Nxa6 Bg5 23. Qg3 Qc8 24. Bxd6 Rd8 25. Nb4 Rad7 26. Rd5 Qb7 27. Rad1 Qc8
28. Bf4 Rxd5 29. Rxd5 Re8 30. h3 Bxf4 31. Qxf4 Qe6 32. Nd3 Qe2 33. Ne5 Rf8 34.
Rd7 Qh5 35. Rxf7 Rxf7 36. Qxf7+ Qxf7 37. Nxf7 Kxf7 38. f3 Ke6 39. Kf2 Kd6 40.
Ke3 Kc5 41. Kd3 Kb4 42. Kc2 g6 43. g3 Kc5 44. Kc3 Kc6 45. Kd4 Kd6 46. b4 Kc6
47. a5 bxa5 48. bxa5 g5 49. g4 1-0

[Event "5th Budapest Open"]
[Site "Budapest"]
[Date "2015.07.24"]
[Round "7.24"]
[White "Karacsonyi, Kata"]
[Black "Bellan, Istvan"]
[Result "0-1"]
[WhiteElo "1461"]
[BlackElo "1848"]
[PlyCount "54"]
[EventDate "2014.08.15"]
[EventType "swiss"]
[EventRounds "9"]
[EventCountry "HUN"]

1. e4 c5 2. Nf3 e6 3. d4 cxd4 4. Nxd4 Nf6 5. Nc3 d6 6. Be2 Be7 7. O-O O-O 8.
Be3 Bd7 9. f4 Nc6 10. Kh1 Qb8 11. Qe1 Nxd4 12. Bxd4 e5 13. Be3 b5 14. fxe5 dxe5
15. Qg3 Kh8 16. Bf3 Bc6 17. a3 a5 18. Bg5 Rc8 19. Bxf6 Bxf6 20. Bg4 Rd8 21. Qh3
Rd4 22. Nd5 Bxd5 23. exd5 Qd6 24. Rae1 Rb8 25. Bf3 Rh4 26. Qf5 g6 27. Qd3 e4
0-1

[Event "5th Budapest Open"]
[Site "Budapest"]
[Date "2015.08.21"]
[Round "7.25"]
[White "Szurkos, Andras"]
[Black "Bartok, David Dominik"]
[Result "1-0"]
[WhiteElo "1807"]
[BlackElo "1610"]
[PlyCount "79"]
[EventDate "2014.08.15"]
[EventType "swiss"]
[EventRounds "9"]
[EventCountry "HUN"]

1. e4 c6 2. Nc3 d5 3. Nf3 dxe4 4. Nxe4 Bf5 5. Ng3 Bg6 6. h4 h6 7. Ne5 Bh7 8.
Qh5 g6 9. Bc4 e6 10. Qe2 Qe7 11. d4 Bg7 12. Ne4 Nf6 13. Bd3 Nxe4 14. Bxe4 Nd7
15. f4 Bf6 16. Nf3 Bg7 17. Bd2 Nf6 18. Bd3 Nd5 19. a3 Qc7 20. g3 Ne7 21. Bb4
Nf5 22. Bxf5 gxf5 23. O-O-O O-O-O 24. Rd3 Bg6 25. h5 Bh7 26. Rhd1 Bf6 27. Ne5
Bxe5 28. dxe5 Rxd3 29. Rxd3 Rd8 30. Bd6 Qb6 31. Kb1 Qg1+ 32. Ka2 Rg8 33. Qf3
Qh2 34. Rc3 Kd7 35. Bc5 Kc7 36. Bxa7 Rd8 37. Qe3 Rd7 38. Qb6+ Kc8 39. Rxc6+
bxc6 40. Qb8# 1-0

[Event "5th Budapest Open"]
[Site "Budapest"]
[Date "2015.08.21"]
[Round "7.26"]
[White "Czimer, Jozsef"]
[Black "Bangha, Otto Peter"]
[Result "1-0"]
[WhiteElo "1706"]
[BlackElo "1427"]
[PlyCount "55"]
[EventDate "2014.08.15"]
[EventType "swiss"]
[EventRounds "9"]
[EventCountry "HUN"]

1. Nf3 d5 2. b3 Nf6 3. Bb2 e6 4. e3 c5 5. Be2 Bd6 6. d4 cxd4 7. exd4 O-O 8.
Nbd2 Nc6 9. h3 Re8 10. Ne5 Bxe5 11. dxe5 Nd7 12. Nf3 Qc7 13. O-O Ndxe5 14. Rc1
Nxf3+ 15. Bxf3 Rd8 16. Re1 Bd7 17. c4 dxc4 18. Rxc4 Be8 19. Qa1 f6 20. Bxc6
Bxc6 21. Rxe6 Qf7 22. Re1 Qd5 23. Rg4 Kh8 24. Bxf6 Rd7 25. Bxg7+ Kg8 26. Bh6+
Qg5 27. Rxg5+ Rg7 28. Qxg7# 1-0